00664nam a22002171 450000500170000000800410001701000140005802000260007203500130009803700150011104000180012608200110014424500670015526000480022227000590027030000290032950000350035865000130039365000220040670000180042820090601134342.0721219s1962 nyu 000 0 eng  aENG-93793 a9788131305041c895.00 aEN-77326 bDBAD / PUB adplbEnglish  a574.87 aCell and molecular biology /cedited by B.N. Pandey...[et al]  aNew DelhibAPH Publishing Corporationc2009 a4435-36/7, Ansari Road, Daryaganj,bNew Delhi e110002 axviii, 222 p.c23cm(Hb)  aIncludes references and index  aCytology aMolecular biology aPandey, B.N.